Visualizzazione normale
Vista MARC
- Pucci Puccio
di Personal Name
Records bibliografici associati: 1
001 - CONTROL NUMBER
- control field: 41053
003 - CONTROL NUMBER IDENTIFIER
- control field: IT-RoPau
005 - DATE AND TIME OF LATEST TRANSACTION
- control field: 20151126161710.0
008 - FIXED-LENGTH DATA ELEMENTS
- fixed length control field: 151126|| aca||aabn | a|a d
040 ## - CATALOGING SOURCE
- Original cataloging agency: IT-RoPau
- Transcribing agency: IT-RoPau
100 ## - HEADING--PERSONAL NAME
- Personal name: Pucci Puccio
- Relator term: (soggetto)
- Miscellaneous information: Codice Soggetto 2° SPICS: 58118
670 ## - SOURCE DATA FOUND
- Source citation: Work cat.: (IT-RoPau)105375: Lizzani Carlo Codice regista SPICS: 4574 37071, INDIFFERENZA (L') AMORE E RABBIA (VANGELO '70) (Rif. Codice opera principale : H5455)